000 00373nam a2200157Ia 4500
003 OSt
005 20240213125552.0
008 170524s9999 xx 000 0 und d
020 _a978-8120325555
040 _cIIMT UNIVERSITY
100 _aBHATTACHARYA AK
100 _c2012
245 0 _aPRINCIPLES AND PRACTICE OF COST ACCOUNTING
260 _aP.H.I
942 _2ddc
_c01
999 _c2869
_d2869